000 01236nam a2200265Ia 4500
003 OSt
005 20220930094835.0
006 a|||||r|||| 00| 0
007 ta
008 220926b |||||||| |||| 00| 0 hin d
024 _a21628
037 _cTheses
040 _aCRL
_cCRL
_bhin
041 _2hin
_ahin
100 _aकथूरिया, निधि
110 _aदिल्ली विश्वविद्यालय. कला संकाय. संस्कृत विभाग
_9556405
245 0 _aबृहत्संहिता में वर्णित ग्रहचार का विवेचनात्मक अध्ययन
246 _aBṛuhatsanhitā mean varṇit grahachār kā vivechanātmak adhyayana
260 _c2013
650 _aसंस्कृत साहित्य
700 _a डॉ. गिरिधर गोपाल शर्मा, गा.
_9556406
700 _aदिल्ली विश्वविद्यालय. कला संकाय. संस्कृत विभाग
_9556407
942 _cDIS
_2CC
999 _c887755
_d887755